000 00682nam a2200205 i 4500
001 90188
003 ES-MaACL
005 20250911062830.0
007 t|
008 050119s1972 sp ||||1| spa d
100 1 _aLear, Edward.
_970985
245 1 3 _aEl omnibus, sin sentido /
_cEdward Lear ; selección, traducción y prólogo de Leopoldo María Panero.
260 _a[Madrid :
_bAlberto Corazón,
_c1972]
300 _a135 p. :
_bil. ;
_c20 cm.
490 1 _aColección Visor de poesía ;
_v26
700 1 _aPanero, Leopoldo María,
_d1948-2014
_988768
830 0 _aColección Visor de poesía
_v26
_9177331
852 _aES-MaACL
_jC-49327
_bR.84649
999 _c90188
_d90188